Mis votos (Record no. 126812)

MARC details
000 -LEADER
campo de control de longitud fija 00757nam a2200193 4500
001 - NÚMERO DE CONTROL
campo de control 126812
003 - IDENTIFICADOR DE NÚMERO DE CONTROL
campo de control ES-MaACL
005 - FECHA Y HORA DE LA ÚLTIMA TRANSACCIÓN
campo de control 20240510063116.0
007 - CAMPO FIJO DE DESCRIPCIÓN FÍSICA--INFORMACIÓN GENERAL
campo de control de longitud fija t|
008 - DATOS DE LONGITUD FIJA--INFORMACIÓN GENERAL
campo de control de longitud fija 070214s1901 sp r ||||1| spa d
100 1# - ENTRADA PRINCIPAL--NOMBRE DE PERSONA
Nombre de persona Ribalta, Aurelio,
Fechas asociadas al nombre 1864-1940
9 (RLIN) 96710
245 10 - MENCIÓN DEL TÍTULO
Título Mis votos
Resto del título : traducción libre de la poesía gallega titulada Os meus votos /
Mención de responsabilidad, etc. del laureado poeta lírico D. Aurelio Ribalta y Copete ; hecha con permiso del autor por R. Robles.
260 ## - PUBLICACIÓN, DISTRIBUCIÓN, ETC.
Lugar de publicación, distribución, etc. Santiago :
Nombre del editor, distribuidor, etc. [s.n.],
Fecha de publicación, distribución, etc. 1901 (
Fabricante Imp. y Lit. de José M. Paredes)
300 ## - DESCRIPCIÓN FÍSICA
Extensión 27 p. ;
Dimensiones 18 cm.
700 1# - ENTRADA AGREGADA--NOMBRE PERSONAL
Nombre de persona Robles Rodríguez, Ramón.
9 (RLIN) 143195
740 0# - ENTRADA AGREGADA--TÍTULO RELACIONADO/ANALÍTICO NO CONTROLADO
Título relacionado o analítico no controlado Os meus votos.
852 ## - LOCALIZACIÓN
Ubicación ES-MaACL
Número de control de estantería T-1056-F-3
Nota libre .- Dedicatoria autógrafa de R. Robles
Holdings
Estatus retirado Estado de pérdida Estado de daño No para préstamo Colección Biblioteca de origen Biblioteca actual Ubicación en estantería Fecha de adquisición Fuente de adquisición Total de préstamos Signatura topográfica completa Código de barras Visto por última vez Precio de reemplazo Tipo de ítem Koha
        Colección de folletos Biblioteca del Ateneo de Madrid Biblioteca del Ateneo de Madrid Depósito folletos 17/01/2008     T-1056-F-3 1132084 23/02/2023 23/02/2023 Folleto